000 00242nam a2200097Ia 4500
008 190216s9999||||xx |||||||||||||| ||und||
100 _aJohn V.V &daniel P A
245 0 _aPractical Physics
260 _bCo-Operative Publishers
942 _cBK
999 _c32648
_d32648